[Event "Blitz 2018"]
[Site "Saint-Petersburg"]
[Date "2018.12.29"]
[Round "7"]
[Board "23"]
[White "Vallejo Pons Francisco (ESP)"]
[Black "Sanal Vahap (TUR)"]
[Result "1-0"]
[LiveChessVersion "1.4.8"]
[BlackElo "2488"]
[WhiteElo "2673"]

1. d4 {[%clk 0:03:03]} Nf6 {[%clk 0:03:01]} 2. c4 {[%clk 0:03:04]} e6
{[%clk 0:03:02]} 3. Nc3 {[%clk 0:03:05]} Bb4 {[%clk 0:02:59]} 4. Qc2
{[%clk 0:03:05]} d5 {[%clk 0:02:58]} 5. cxd5 {[%clk 0:03:06]} Qxd5
{[%clk 0:02:58]} 6. Nf3 {[%clk 0:03:06]} Qf5 {[%clk 0:02:59]} 7. Qb3
{[%clk 0:03:07]} Nc6 {[%clk 0:02:59]} 8. Bd2 {[%clk 0:03:08]} O-O
{[%clk 0:02:58]} 9. h3 {[%clk 0:03:09]} Qh5 {[%clk 0:02:42]} 10. e3
{[%clk 0:03:00]} Bxc3 {[%clk 0:02:37]} 11. Bxc3 {[%clk 0:03:00]} Ne4
{[%clk 0:02:30]} 12. Bd3 {[%clk 0:02:45]} Nxc3 {[%clk 0:02:30]} 13. Qxc3
{[%clk 0:02:40]} Bd7 {[%clk 0:02:22]} 14. Rc1 {[%clk 0:02:36]} a5
{[%clk 0:02:15]} 15. Qc5 {[%clk 0:02:21]} Qxc5 {[%clk 0:02:14]} 16. Rxc5
{[%clk 0:02:21]} Nb4 {[%clk 0:02:13]} 17. Bb1 {[%clk 0:02:21]} Rfc8
{[%clk 0:02:07]} 18. Kd2 {[%clk 0:02:10]} Bc6 {[%clk 0:02:01]} 19. e4
{[%clk 0:01:51]} b6 {[%clk 0:01:53]} 20. Rc3 {[%clk 0:01:51]} Bb7
{[%clk 0:01:52]} 21. Rhc1 {[%clk 0:01:50]} Na6 {[%clk 0:01:47]} 22. Ke3
{[%clk 0:01:45]} c5 {[%clk 0:01:46]} 23. Bd3 {[%clk 0:01:31]} cxd4+
{[%clk 0:01:45]} 24. Nxd4 {[%clk 0:01:32]} Rxc3 {[%clk 0:01:45]} 25. Rxc3
{[%clk 0:01:32]} Nc5 {[%clk 0:01:45]} 26. f3 {[%clk 0:01:24]} e5 {[%clk 0:01:41]}
27. Nb3 {[%clk 0:01:10]} Nxd3 {[%clk 0:01:15]} 28. Rxd3 {[%clk 0:01:08]} Rc8
{[%clk 0:01:13]} 29. Rd6 {[%clk 0:00:59]} Bc6 {[%clk 0:01:13]} 30. Nd2
{[%clk 0:00:57]} Kf8 {[%clk 0:00:56]} 31. Nc4 {[%clk 0:00:55]} Ke7
{[%clk 0:00:47]} 32. Nxb6 {[%clk 0:00:38]} Rc7 {[%clk 0:00:41]} 33. Rd5
{[%clk 0:00:29]} Rb7 {[%clk 0:00:33]} 34. Rxe5+ {[%clk 0:00:28]} Kf6
{[%clk 0:00:34]} 35. Nc4 {[%clk 0:00:27]} Rb4 {[%clk 0:00:20]} 36. Rf5+
{[%clk 0:00:25]} Ke6 {[%clk 0:00:21]} 37. Nxa5 {[%clk 0:00:23]} Bb5
{[%clk 0:00:21]} 38. b3 {[%clk 0:00:20]} Bf1 {[%clk 0:00:21]} 39. Nc6
{[%clk 0:00:18]} Rb6 {[%clk 0:00:20]} 40. Nd4+ {[%clk 0:00:19]} Ke7
{[%clk 0:00:21]} 41. g4 {[%clk 0:00:19]} Rb7 {[%clk 0:00:16]} 42. Re5+
{[%clk 0:00:18]} Kd6 {[%clk 0:00:16]} 43. Rd5+ {[%clk 0:00:19]} Ke7
{[%clk 0:00:17]} 44. h4 {[%clk 0:00:18]} g6 {[%clk 0:00:18]} 45. h5
{[%clk 0:00:19]} Rc7 {[%clk 0:00:19]} 46. Kd2 {[%clk 0:00:19]} h6
{[%clk 0:00:13]} 47. a4 {[%clk 0:00:19]} Rb7 {[%clk 0:00:09]} 48. Rc5
{[%clk 0:00:18]} Kd6 {[%clk 0:00:09]} 49. Rd5+ Ke7 50. Nb5 {[%clk 0:00:19]} Rb6
{[%clk 0:00:06]} 51. Ke3 {[%clk 0:00:18]} Rc6 {[%clk 0:00:07]} 52. hxg6
{[%clk 0:00:10]} fxg6 {[%clk 0:00:08]} 53. Kd2 {[%clk 0:00:08]} Bg2
{[%clk 0:00:06]} 54. Rd3 {[%clk 0:00:07]} h5 {[%clk 0:00:06]} 55. Nd4
{[%clk 0:00:07]} Rb6 {[%clk 0:00:06]} 56. gxh5 {[%clk 0:00:08]} gxh5
{[%clk 0:00:07]} 57. Ke3 {[%clk 0:00:08]} Kf6 {[%clk 0:00:03]} 58. Nf5
{[%clk 0:00:09]} Rb8 {[%clk 0:00:03]} 59. Rd6+ {[%clk 0:00:09]} Kf7
{[%clk 0:00:03]} 60. Rd3 {[%clk 0:00:06]} Rh8 {[%clk 0:00:04]} 61. Rd7+
{[%clk 0:00:07]} Ke6 {[%clk 0:00:04]} 62. Rd6+ {[%clk 0:00:08]} Kf7
{[%clk 0:00:05]} 63. Rh6 {[%clk 0:00:09]} Rb8 {[%clk 0:00:06]} 64. Nd4
{[%clk 0:00:09]} Rc8 {[%clk 0:00:05]} 65. Rxh5 {[%clk 0:00:09]} Rc3+
{[%clk 0:00:06]} 66. Kf4 {[%clk 0:00:11]} Rd3 {[%clk 0:00:07]} 67. Rf5+
{[%clk 0:00:12]} Ke8 {[%clk 0:00:08]} 68. Re5+ {[%clk 0:00:13]} Kf7
{[%clk 0:00:09]} 69. Rd5 {[%clk 0:00:15]} Bh3 {[%clk 0:00:08]} 70. a5
{[%clk 0:00:16]} Bc8 {[%clk 0:00:09]} 71. b4 {[%clk 0:00:16]} Ke7
{[%clk 0:00:07]} 72. Nf5+ {[%clk 0:00:17]} 1-0

[Event "Blitz 2018"]
[Site "Saint-Petersburg"]
[Date "2018.12.29"]
[Round "7"]
[Board "24"]
[White "Alekseenko Kirill (RUS)"]
[Black "Kovalev Vladislav (BLR)"]
[Result "0-1"]
[LiveChessVersion "1.4.8"]
[BlackElo "2553"]
[WhiteElo "2665"]

1. d4 {[%clk 0:03:03]} Nf6 {[%clk 0:03:03]} 2. Nc3 {[%clk 0:03:04]} d5
{[%clk 0:03:03]} 3. Bf4 {[%clk 0:03:05]} a6 {[%clk 0:03:03]} 4. e3
{[%clk 0:03:06]} b5 {[%clk 0:03:03]} 5. Nf3 {[%clk 0:02:59]} Bb7 {[%clk 0:03:03]}
6. Bd3 {[%clk 0:02:55]} e6 {[%clk 0:03:03]} 7. Ne2 {[%clk 0:02:56]} Nbd7
{[%clk 0:02:52]} 8. O-O {[%clk 0:02:55]} Ne4 {[%clk 0:02:47]} 9. Ng3
{[%clk 0:02:35]} g5 10. Be5 Rg8 {[%clk 0:01:07]} 11. Bxe4 {[%clk 0:02:12]} dxe4
12. Nd2 Nxe5 {[%clk 0:00:35]} 13. dxe5 {[%clk 0:02:14]} Bg7 {[%clk 0:00:34]} 14.
Qe2 {[%clk 0:01:40]} Bxe5 {[%clk 0:00:32]} 15. Ndxe4 {[%clk 0:01:39]} Qe7
{[%clk 0:00:25]} 16. Rad1 {[%clk 0:01:40]} g4 {[%clk 0:00:25]} 17. c4
{[%clk 0:01:36]} f5 {[%clk 0:00:23]} 18. Nd2 {[%clk 0:01:25]} h5 {[%clk 0:00:15]}
19. cxb5 {[%clk 0:01:11]} h4 {[%clk 0:00:14]} 20. Nc4 {[%clk 0:01:12]} Bxg3
{[%clk 0:00:05]} 21. fxg3 {[%clk 0:01:10]} hxg3 {[%clk 0:00:06]} 22. hxg3
{[%clk 0:00:54]} Bd5 {[%clk 0:00:06]} 23. bxa6 {[%clk 0:00:53]} Rxa6
{[%clk 0:00:04]} 24. Ne5 {[%clk 0:00:52]} Rb6 {[%clk 0:00:04]} 25. Qc2
{[%clk 0:00:44]} Qb4 {[%clk 0:00:04]} 26. Rxd5 {[%clk 0:00:41]} exd5
{[%clk 0:00:05]} 27. Qxf5 {[%clk 0:00:42]} Qe7 {[%clk 0:00:04]} 28. Qh5+
{[%clk 0:00:38]} Kd8 {[%clk 0:00:05]} 29. Rf7 {[%clk 0:00:35]} Qe6
{[%clk 0:00:05]} 30. Rf2 {[%clk 0:00:23]} Kc8 31. a4 Re8 {[%clk 0:00:05]} 32.
Nxg4 {[%clk 0:00:20]} Rb4 {[%clk 0:00:04]} 33. Nf6 {[%clk 0:00:21]} Rd8
{[%clk 0:00:04]} 34. a5 {[%clk 0:00:21]} Qxe3 35. Qf5+ {[%clk 0:00:21]} Kb7
{[%clk 0:00:05]} 36. Nxd5 {[%clk 0:00:20]} Qc1+ {[%clk 0:00:04]} 37. Rf1
{[%clk 0:00:11]} Qc5+ {[%clk 0:00:05]} 38. Rf2 {[%clk 0:00:09]} Qc1+
{[%clk 0:00:07]} 39. Rf1 {[%clk 0:00:10]} Qc5+ {[%clk 0:00:08]} 40. Rf2
{[%clk 0:00:11]} Rxd5 {[%clk 0:00:09]} 41. Qf3 {[%clk 0:00:13]} Rbd4
{[%clk 0:00:05]} 42. a6+ {[%clk 0:00:13]} Kxa6 {[%clk 0:00:04]} 43. g4
{[%clk 0:00:10]} Rd2 {[%clk 0:00:03]} 44. Qf6+ {[%clk 0:00:09]} c6
{[%clk 0:00:03]} 0-1

[Event "Blitz 2018"]
[Site "Saint-Petersburg"]
[Date "2018.12.29"]
[Round "7"]
[Board "25"]
[White "Kevlishvili Robby (NED)"]
[Black "Matlakov Maxim (RUS)"]
[Result "1/2-1/2"]
[LiveChessVersion "1.4.8"]
[BlackElo "2653"]
[WhiteElo "2530"]

1. e4 {[%clk 0:03:02]} e5 {[%clk 0:03:04]} 2. Nf3 {[%clk 0:03:03]} Nc6
{[%clk 0:03:05]} 3. Bb5 {[%clk 0:03:04]} a6 {[%clk 0:03:06]} 4. Ba4
{[%clk 0:03:05]} Nf6 {[%clk 0:03:07]} 5. d3 {[%clk 0:03:06]} d6 {[%clk 0:03:08]}
6. c3 {[%clk 0:03:07]} Be7 {[%clk 0:03:08]} 7. O-O {[%clk 0:03:07]} O-O
{[%clk 0:03:09]} 8. Re1 {[%clk 0:03:07]} b5 {[%clk 0:03:10]} 9. Bc2
{[%clk 0:03:08]} d5 {[%clk 0:03:11]} 10. Nbd2 {[%clk 0:03:09]} d4
{[%clk 0:03:12]} 11. Nf1 {[%clk 0:03:06]} Bc5 {[%clk 0:03:09]} 12. Qe2
{[%clk 0:03:01]} Qd6 {[%clk 0:03:05]} 13. h3 {[%clk 0:02:57]} a5 {[%clk 0:03:05]}
14. Ng3 {[%clk 0:02:55]} Re8 {[%clk 0:02:53]} 15. Bd2 {[%clk 0:02:53]} dxc3
{[%clk 0:02:48]} 16. bxc3 {[%clk 0:02:53]} b4 {[%clk 0:02:49]} 17. Red1
{[%clk 0:02:37]} bxc3 {[%clk 0:02:41]} 18. Bxc3 {[%clk 0:02:38]} Bb4
{[%clk 0:02:37]} 19. Bb2 {[%clk 0:02:35]} Ba3 {[%clk 0:02:29]} 20. Bxa3
{[%clk 0:02:30]} Qxa3 {[%clk 0:02:30]} 21. Bb3 {[%clk 0:02:32]} a4
{[%clk 0:02:26]} 22. Bc4 {[%clk 0:02:28]} Na5 {[%clk 0:02:23]} 23. d4
{[%clk 0:02:18]} Nxc4 {[%clk 0:02:15]} 24. Qxc4 {[%clk 0:02:19]} exd4
{[%clk 0:02:16]} 25. Nxd4 {[%clk 0:02:15]} Qe7 {[%clk 0:01:50]} 26. Re1
{[%clk 0:01:41]} c5 {[%clk 0:01:46]} 27. Ndf5 {[%clk 0:01:37]} Bxf5
{[%clk 0:01:46]} 28. Nxf5 {[%clk 0:01:38]} Qe5 {[%clk 0:01:47]} 29. Rac1
{[%clk 0:01:31]} h5 {[%clk 0:01:32]} 30. Qxc5 {[%clk 0:01:20]} Qxc5
{[%clk 0:01:33]} 31. Rxc5 {[%clk 0:01:21]} Nxe4 {[%clk 0:01:29]} 32. Rc7
{[%clk 0:01:17]} Nf6 {[%clk 0:01:20]} 33. Rb1 {[%clk 0:01:14]} Rab8
{[%clk 0:01:13]} 34. Rxb8 {[%clk 0:01:05]} Rxb8 {[%clk 0:01:14]} 35. Ra7
{[%clk 0:00:52]} Rb1+ {[%clk 0:01:12]} 36. Kh2 {[%clk 0:00:53]} Rb2
{[%clk 0:01:13]} 37. Rxa4 {[%clk 0:00:52]} Rxf2 {[%clk 0:01:14]} 38. Nd6
{[%clk 0:00:50]} Nd5 {[%clk 0:01:06]} 39. Kg1 {[%clk 0:00:43]} Rf6
{[%clk 0:01:05]} 40. Ne4 {[%clk 0:00:42]} Rc6 {[%clk 0:01:05]} 41. Ra5
{[%clk 0:00:40]} Nf4 {[%clk 0:01:04]} 42. Rf5 {[%clk 0:00:38]} Ne2+
{[%clk 0:00:57]} 43. Kf2 {[%clk 0:00:39]} Rc2 {[%clk 0:00:56]} 44. Ke3
{[%clk 0:00:30]} Rxa2 {[%clk 0:00:43]} 45. Rxh5 {[%clk 0:00:31]} 1/2-1/2

[Event "Blitz 2018"]
[Site "Saint-Petersburg"]
[Date "2018.12.29"]
[Round "7"]
[Board "26"]
[White "Indjic Aleksandar (SRB)"]
[Black "Oganian Miran (RUS)"]
[Result "1-0"]
[LiveChessVersion "1.4.8"]
[BlackElo "2326"]
[WhiteElo "2643"]

1. e4 {[%clk 0:03:02]} c5 {[%clk 0:03:04]} 2. Ne2 {[%clk 0:03:02]} Nc6
{[%clk 0:02:58]} 3. g3 {[%clk 0:03:02]} g6 {[%clk 0:02:59]} 4. Bg2
{[%clk 0:03:03]} Bg7 {[%clk 0:03:00]} 5. O-O {[%clk 0:03:00]} e6 {[%clk 0:02:54]}
6. c3 {[%clk 0:02:59]} Nge7 {[%clk 0:02:50]} 7. d4 {[%clk 0:03:00]} cxd4
{[%clk 0:02:51]} 8. cxd4 {[%clk 0:03:01]} d5 {[%clk 0:02:52]} 9. e5
{[%clk 0:03:02]} O-O {[%clk 0:02:52]} 10. Nd2 {[%clk 0:02:58]} b6
{[%clk 0:02:53]} 11. Nf3 {[%clk 0:02:56]} Ba6 {[%clk 0:02:54]} 12. Re1
{[%clk 0:02:57]} Nb4 {[%clk 0:02:25]} 13. Qa4 {[%clk 0:02:26]} Bxe2
{[%clk 0:02:25]} 14. Rxe2 {[%clk 0:02:21]} a5 {[%clk 0:02:11]} 15. a3
{[%clk 0:02:21]} Na6 {[%clk 0:01:59]} 16. Bf4 Qb8 17. Qb5 {[%clk 0:02:12]} Nc7
{[%clk 0:01:21]} 18. Qd3 {[%clk 0:02:11]} Qb7 {[%clk 0:01:16]} 19. Rc2
{[%clk 0:02:11]} Rac8 {[%clk 0:01:12]} 20. Rac1 {[%clk 0:02:11]} Na8 21. Bg5
{[%clk 0:01:18]} Nc6 {[%clk 0:00:44]} 22. Bf1 {[%clk 0:01:14]} Nb8
{[%clk 0:00:24]} 23. h4 {[%clk 0:01:14]} Nc7 {[%clk 0:00:13]} 24. Nh2
{[%clk 0:00:54]} f6 {[%clk 0:00:08]} 25. exf6 {[%clk 0:00:54]} Rxf6
{[%clk 0:00:10]} 26. Ng4 {[%clk 0:00:57]} Rf5 27. Qe3 {[%clk 0:00:56]} Nba6
{[%clk 0:00:08]} 28. a4 {[%clk 0:00:53]} Re8 {[%clk 0:00:07]} 1-0

[Event "Blitz 2018"]
[Site "Saint-Petersburg"]
[Date "2018.12.29"]
[Round "7"]
[Board "27"]
[White "Roiz Michael (ISR)"]
[Black "Yu Yangyi (CHN)"]
[Result "1-0"]
[LiveChessVersion "1.4.8"]
[BlackElo "2804"]
[WhiteElo "2617"]

1. Nf3 {[%clk 0:03:03]} d5 {[%clk 0:03:03]} 2. e3 {[%clk 0:03:04]} Nf6
{[%clk 0:03:04]} 3. c4 {[%clk 0:03:05]} e6 {[%clk 0:03:06]} 4. b3
{[%clk 0:03:06]} Be7 {[%clk 0:03:05]} 5. Bb2 {[%clk 0:03:07]} O-O
{[%clk 0:03:05]} 6. Nc3 {[%clk 0:03:08]} dxc4 {[%clk 0:03:06]} 7. Bxc4
{[%clk 0:03:08]} a6 {[%clk 0:03:07]} 8. O-O {[%clk 0:03:01]} c5 {[%clk 0:03:05]}
9. d4 {[%clk 0:02:57]} b5 {[%clk 0:03:04]} 10. Be2 {[%clk 0:02:58]} cxd4
{[%clk 0:02:58]} 11. Nxd4 {[%clk 0:02:59]} Ra7 {[%clk 0:02:56]} 12. Rc1
{[%clk 0:02:36]} Rd7 {[%clk 0:02:45]} 13. Qc2 {[%clk 0:02:37]} Bb7
{[%clk 0:02:44]} 14. Rfd1 {[%clk 0:02:34]} Qb6 {[%clk 0:02:41]} 15. Bf3
{[%clk 0:02:31]} Rfd8 {[%clk 0:02:33]} 16. Bxb7 {[%clk 0:02:27]} Qxb7
{[%clk 0:02:34]} 17. Nf3 {[%clk 0:02:24]} Rxd1+ {[%clk 0:02:18]} 18. Rxd1
{[%clk 0:02:25]} Nbd7 {[%clk 0:02:19]} 19. h3 {[%clk 0:02:17]} h6
{[%clk 0:02:20]} 20. Ne2 {[%clk 0:02:01]} Rc8 {[%clk 0:02:16]} 21. Qb1
{[%clk 0:02:02]} Ne4 {[%clk 0:02:00]} 22. Rc1 {[%clk 0:01:38]} Bf6
{[%clk 0:01:33]} 23. Rxc8+ {[%clk 0:01:29]} Qxc8 {[%clk 0:01:34]} 24. Qxe4
{[%clk 0:01:25]} Bxb2 {[%clk 0:01:35]} 25. Nfd4 {[%clk 0:01:23]} Nf6
{[%clk 0:01:01]} 26. Qc6 {[%clk 0:01:23]} Qxc6 {[%clk 0:00:58]} 27. Nxc6
{[%clk 0:01:24]} Nd5 {[%clk 0:00:59]} 28. e4 {[%clk 0:01:13]} Nf6
{[%clk 0:00:52]} 29. f3 {[%clk 0:01:12]} Nd7 {[%clk 0:00:51]} 30. Kf2
{[%clk 0:01:08]} Kf8 {[%clk 0:00:51]} 31. Ke3 {[%clk 0:01:09]} g5
{[%clk 0:00:48]} 32. Kd2 {[%clk 0:00:58]} Ke8 {[%clk 0:00:36]} 33. Kc2
{[%clk 0:00:57]} Bf6 {[%clk 0:00:36]} 34. Nc1 {[%clk 0:00:53]} Nc5
{[%clk 0:00:16]} 35. Nd3 {[%clk 0:00:53]} Nb7 {[%clk 0:00:16]} 36. a4
{[%clk 0:00:33]} bxa4 {[%clk 0:00:13]} 37. bxa4 {[%clk 0:00:34]} a5
{[%clk 0:00:11]} 38. Kb3 {[%clk 0:00:25]} Kd7 {[%clk 0:00:12]} 39. Nce5+
{[%clk 0:00:26]} Ke8 {[%clk 0:00:09]} 40. Kc4 {[%clk 0:00:24]} Bd8
{[%clk 0:00:10]} 41. Kb5 {[%clk 0:00:18]} f6 {[%clk 0:00:07]} 42. Nc6
{[%clk 0:00:19]} Bc7 {[%clk 0:00:09]} 43. Nc5 {[%clk 0:00:18]} Nd6+
{[%clk 0:00:10]} 44. Ka6 {[%clk 0:00:19]} Nc4 {[%clk 0:00:08]} 45. Nxe6
{[%clk 0:00:18]} Kd7 {[%clk 0:00:03]} 46. Nxc7 {[%clk 0:00:13]} Kxc7
{[%clk 0:00:04]} 47. Nxa5 {[%clk 0:00:12]} Ne3 {[%clk 0:00:05]} 48. g4
{[%clk 0:00:06]} Nd1 {[%clk 0:00:07]} 49. Nc4 {[%clk 0:00:06]} Nf2
{[%clk 0:00:08]} 50. Ne3 {[%clk 0:00:07]} Nxh3 {[%clk 0:00:09]} 51. Nd5+
{[%clk 0:00:07]} Kc6 {[%clk 0:00:08]} 52. Nxf6 {[%clk 0:00:08]} Ng1
{[%clk 0:00:09]} 53. Ng8 {[%clk 0:00:09]} Nxf3 {[%clk 0:00:11]} 54. Nxh6
{[%clk 0:00:10]} Nd2 {[%clk 0:00:07]} 55. e5 {[%clk 0:00:10]} Nc4
{[%clk 0:00:07]} 56. Nf7 {[%clk 0:00:11]} Ne3 {[%clk 0:00:07]} 57. e6
{[%clk 0:00:06]} Nxg4 {[%clk 0:00:06]} 58. Nxg5 {[%clk 0:00:08]} Ne5
{[%clk 0:00:05]} 59. Nf7 {[%clk 0:00:05]} Nc4 {[%clk 0:00:04]} 60. a5
{[%clk 0:00:05]} Kc7 {[%clk 0:00:04]} 61. Kb5 {[%clk 0:00:06]} Ne3
{[%clk 0:00:05]} 62. e7 {[%clk 0:00:09]} 1-0

[Event "Blitz 2018"]
[Site "Saint-Petersburg"]
[Date "2018.12.29"]
[Round "7"]
[Board "29"]
[White "Guseinov Gadir (AZE)"]
[Black "Shaposhnikov Evgeny (RUS)"]
[Result "1-0"]
[LiveChessVersion "1.4.8"]
[BlackElo "2603"]
[WhiteElo "2708"]

1. e4 {[%clk 0:03:02]} e6 {[%clk 0:03:03]} 2. d4 {[%clk 0:03:03]} d5
{[%clk 0:03:05]} 3. Nd2 {[%clk 0:03:04]} Nc6 {[%clk 0:03:05]} 4. Ngf3
{[%clk 0:03:03]} Nf6 {[%clk 0:03:06]} 5. e5 {[%clk 0:03:05]} Nd7 {[%clk 0:03:07]}
6. Bd3 {[%clk 0:03:05]} f6 {[%clk 0:03:08]} 7. exf6 Qxf6 {[%clk 0:03:07]} 8. Nf1
{[%clk 0:03:05]} Bd6 {[%clk 0:03:01]} 9. Ne3 {[%clk 0:02:53]} h6 {[%clk 0:02:43]}
10. h4 {[%clk 0:02:49]} Nb4 {[%clk 0:02:16]} 11. Be2 {[%clk 0:02:38]} b6
{[%clk 0:02:06]} 12. c3 {[%clk 0:02:38]} Nc6 {[%clk 0:02:07]} 13. Bb5
{[%clk 0:02:25]} Ne7 {[%clk 0:01:40]} 14. Qe2 {[%clk 0:02:23]} c6
{[%clk 0:01:19]} 15. Bd3 {[%clk 0:02:23]} Bb7 {[%clk 0:01:19]} 16. a4
{[%clk 0:02:20]} a5 {[%clk 0:01:13]} 17. Ng4 {[%clk 0:02:17]} Qf7
{[%clk 0:01:13]} 18. h5 {[%clk 0:02:14]} O-O-O {[%clk 0:01:08]} 19. Bd2
{[%clk 0:02:02]} Rhf8 {[%clk 0:01:07]} 20. Rh3 {[%clk 0:02:00]} Nf5
{[%clk 0:01:07]} 21. Nge5 {[%clk 0:01:55]} Nxe5 {[%clk 0:01:07]} 22. Nxe5
{[%clk 0:01:56]} Bxe5 {[%clk 0:00:59]} 23. Qxe5 {[%clk 0:01:57]} Qf6
{[%clk 0:00:56]} 24. Bf4 {[%clk 0:01:50]} Qxe5+ {[%clk 0:00:55]} 25. Bxe5
{[%clk 0:01:51]} Rf7 {[%clk 0:00:53]} 26. Rf3 {[%clk 0:01:44]} Rdf8
{[%clk 0:00:44]} 27. Kd2 {[%clk 0:01:42]} Kd7 {[%clk 0:00:41]} 28. Rh1
{[%clk 0:01:42]} Rg8 {[%clk 0:00:26]} 29. Rhh3 {[%clk 0:01:35]} Ke8
{[%clk 0:00:27]} 30. g4 {[%clk 0:01:31]} Ne7 {[%clk 0:00:27]} 31. Bc7
{[%clk 0:01:26]} Rgf8 {[%clk 0:00:24]} 32. Ke2 {[%clk 0:01:19]} Rxf3
{[%clk 0:00:23]} 33. Rxf3 {[%clk 0:01:20]} Rxf3 {[%clk 0:00:24]} 34. Kxf3
{[%clk 0:01:21]} Nc8 {[%clk 0:00:24]} 35. Kf4 {[%clk 0:01:21]} c5
{[%clk 0:00:18]} 36. dxc5 {[%clk 0:01:15]} bxc5 {[%clk 0:00:19]} 37. Bxa5
{[%clk 0:01:16]} Ke7 {[%clk 0:00:15]} 38. Bc7 {[%clk 0:01:12]} c4
{[%clk 0:00:12]} 39. Bc2 {[%clk 0:01:05]} Nd6 {[%clk 0:00:12]} 40. Ke5
{[%clk 0:01:05]} Nf7+ {[%clk 0:00:13]} 41. Kd4 {[%clk 0:01:06]} Ng5
{[%clk 0:00:08]} 42. Kc5 {[%clk 0:01:02]} Ne4+ {[%clk 0:00:06]} 43. Bxe4
{[%clk 0:01:01]} dxe4 {[%clk 0:00:08]} 44. Kb6 {[%clk 0:01:02]} e3
{[%clk 0:00:08]} 45. fxe3 {[%clk 0:01:00]} Bf3 {[%clk 0:00:09]} 46. Be5
{[%clk 0:00:57]} Bxg4 {[%clk 0:00:09]} 47. Bxg7 {[%clk 0:00:46]} Bxh5
{[%clk 0:00:10]} 48. Kc7 {[%clk 0:00:47]} Bd1 {[%clk 0:00:09]} 49. a5
{[%clk 0:00:49]} h5 {[%clk 0:00:10]} 50. Be5 {[%clk 0:00:50]} Bf3 51. a6 Kf7
{[%clk 0:00:09]} 52. Kd6 {[%clk 0:00:39]} h4 {[%clk 0:00:09]} 53. a7
{[%clk 0:00:40]} h3 {[%clk 0:00:10]} 54. Kc5 {[%clk 0:00:39]} Bd5
{[%clk 0:00:10]} 55. e4 {[%clk 0:00:35]} Bxe4 {[%clk 0:00:11]} 56. Kxc4
{[%clk 0:00:36]} Kg6 {[%clk 0:00:13]} 57. Kd4 {[%clk 0:00:35]} Kf5
{[%clk 0:00:13]} 58. b4 {[%clk 0:00:33]} Bb7 {[%clk 0:00:10]} 59. c4
{[%clk 0:00:34]} 1-0

[Event "Blitz 2018"]
[Site "Saint-Petersburg"]
[Date "2018.12.29"]
[Round "7"]
[Board "31"]
[White "Melkumyan Hrant (ARM)"]
[Black "Smirin Ilia (ISR)"]
[Result "0-1"]
[LiveChessVersion "1.4.8"]
[BlackElo "2582"]
[WhiteElo "2699"]

1. d4 {[%clk 0:03:02]} Nf6 {[%clk 0:02:20]} 2. c4 {[%clk 0:03:01]} g6
{[%clk 0:02:21]} 3. Nc3 {[%clk 0:03:02]} Bg7 {[%clk 0:02:22]} 4. e4 d6 5. Nf3
{[%clk 0:03:04]} O-O {[%clk 0:02:24]} 6. Be2 {[%clk 0:03:05]} e5 {[%clk 0:02:25]}
7. O-O {[%clk 0:03:06]} Nc6 {[%clk 0:02:27]} 8. d5 {[%clk 0:03:06]} Ne7
{[%clk 0:02:28]} 9. Bd2 {[%clk 0:03:08]} Nh5 {[%clk 0:02:26]} 10. Re1
{[%clk 0:03:03]} f5 {[%clk 0:02:20]} 11. Rc1 {[%clk 0:02:44]} fxe4
{[%clk 0:02:12]} 12. Nxe4 {[%clk 0:02:45]} Nf4 {[%clk 0:02:13]} 13. Bf1
{[%clk 0:02:07]} Bg4 {[%clk 0:02:12]} 14. Rc3 {[%clk 0:02:08]} Nf5
{[%clk 0:01:56]} 15. h3 {[%clk 0:02:09]} Bxf3 {[%clk 0:01:55]} 16. Rxf3
{[%clk 0:02:10]} Nd4 {[%clk 0:01:53]} 17. Rg3 {[%clk 0:02:10]} c6
{[%clk 0:01:48]} 18. dxc6 {[%clk 0:01:55]} bxc6 {[%clk 0:01:48]} 19. Ra3
{[%clk 0:01:46]} d5 {[%clk 0:01:40]} 20. cxd5 {[%clk 0:01:47]} cxd5
{[%clk 0:01:41]} 21. Nc3 {[%clk 0:01:46]} Qb6 {[%clk 0:01:23]} 22. Bxf4
{[%clk 0:01:37]} exf4 {[%clk 0:01:20]} 23. Nxd5 {[%clk 0:01:29]} Qxb2
{[%clk 0:01:20]} 24. Rd3 {[%clk 0:01:30]} f3 {[%clk 0:01:17]} 25. gxf3
{[%clk 0:01:12]} Rad8 {[%clk 0:01:12]} 26. Ne7+ {[%clk 0:00:37]} Kh8
{[%clk 0:01:13]} 27. Ree3 {[%clk 0:00:31]} Qxa2 {[%clk 0:01:05]} 28. Bg2
{[%clk 0:00:23]} Qf7 {[%clk 0:00:52]} 29. Re4 {[%clk 0:00:19]} Rfe8
{[%clk 0:00:45]} 30. Qe1 {[%clk 0:00:12]} Bf6 {[%clk 0:00:46]} 31. Qe3
{[%clk 0:00:03]} Rxe7 {[%clk 0:00:40]} 32. Rxe7 {[%clk 0:00:03]} Qxe7
{[%clk 0:00:41]} 33. Qxe7 {[%clk 0:00:03]} Bxe7 {[%clk 0:00:42]} 34. Re3
{[%clk 0:00:03]} Bc5 {[%clk 0:00:42]} 35. f4 {[%clk 0:00:04]} Nf5
{[%clk 0:00:40]} 36. Re5 {[%clk 0:00:05]} Rd1+ {[%clk 0:00:40]} 37. Bf1
{[%clk 0:00:06]} Bb6 {[%clk 0:00:40]} 38. Kg2 {[%clk 0:00:04]} Rd2
{[%clk 0:00:41]} 39. Bc4 {[%clk 0:00:05]} Ne3+ {[%clk 0:00:41]} 0-1

[Event "Blitz 2018"]
[Site "Saint-Petersburg"]
[Date "2018.12.29"]
[Round "7"]
[Board "32"]
[White "Ponkratov Pavel (RUS)"]
[Black "Popov Valerij (RUS)"]
[Result "1-0"]
[LiveChessVersion "1.4.8"]
[BlackElo "2574"]
[WhiteElo "2688"]

1. d4 {[%clk 0:03:02]} d5 {[%clk 0:03:01]} 2. c4 {[%clk 0:03:03]} e6
{[%clk 0:03:02]} 3. Nf3 {[%clk 0:03:03]} Nd7 {[%clk 0:03:03]} 4. Nc3
{[%clk 0:03:02]} Ngf6 {[%clk 0:03:04]} 5. g3 {[%clk 0:02:58]} dxc4
{[%clk 0:03:01]} 6. Bg2 {[%clk 0:03:00]} Rb8 {[%clk 0:03:01]} 7. a4
{[%clk 0:02:47]} a6 {[%clk 0:02:59]} 8. O-O {[%clk 0:02:45]} b5 {[%clk 0:02:57]}
9. axb5 {[%clk 0:02:38]} axb5 {[%clk 0:02:58]} 10. Ne5 {[%clk 0:02:39]} Nxe5
{[%clk 0:01:50]} 11. dxe5 {[%clk 0:02:40]} Nd5 {[%clk 0:01:51]} 12. Nxd5
{[%clk 0:02:08]} exd5 {[%clk 0:01:52]} 13. Bxd5 {[%clk 0:02:04]} Bc5
{[%clk 0:01:45]} 14. Bc6+ {[%clk 0:02:01]} Bd7 {[%clk 0:01:46]} 15. Qd5
{[%clk 0:02:01]} Bc8 1-0